000 00650nam a2200241 i 4500
001 C2-0118744
003 PPAK
005 20180727111452.0
008 970803s1983 my a|||| ||||| | may d
020 _a9679391124
040 _aPPAK
_beng
_cPPAK
_erda
082 0 4 _a959.5
_223
090 0 0 _a959.5
_bYUS
_dG
100 0 _aYusoff Hassan,
_eauthor
245 1 0 _aJugra dalam sejarah
264 1 _aKuala Lumpur :
_bPenerbitan Tra-Tra ,
_c1983
300 _a118 pages :
_billustrations ;
_c21 cm
336 _2rdacontent
_atext
337 _2rdamedia
_aunmediated
338 _2rdacarrier
_avolume
650 1 0 _aMalaysia - History
942 _ddc
_cB
999 _c32514
_d32514